Photos des années 2000 - Statistiques

Statistiques générales
  • Ce quiz a été pris 195 fois
    60 depuis la dernière actualisation
  • Le résultat moyen est 6 sur 10
Statistiques - réponses
Hint Réponse % Correct
2001
Attentat du 11 septembre sur le World Trade Center a New-York
88%
2002
- décès de la reine mère
- indépendance du Timor Oriental
- l'euro devient la monnaie officielle de la zone euro
71%
2006
- indépendance du Monténégro
- coupe du monde en Allemagne
- Pluton est déclassée en planète naine
67%
2000
- tous les chefs d'état du monde se rassemblent pour le sommet du millénaire
- jeux olympiques de Sydney
- fin de la deuxième guerre de Tchétchénie
63%
2009
- Barack Obama devient le président des États-Unis
- mort de Michael Jackson
- lancement du Bitcoin
59%
2008
- faillite de Lehman Brothers
- jeux olympiques de Pékin
- guerre russo-géorgienne
55%
2003
- mort de 7 astronautes de la navette Columbia
- manifestation a Londres contre l'invasion américaine de l'Irak
- renversement du régime de Saddam Hussein
49%
2005
- mort du pape Jean-Paul II
- la première vidéo est mise en ligne sur Youtube
- jugement de Saddam Hussein
45%
2004
Tsunami dans l'océan Indien
37%
2007
- lancement du premier iPhone
- signature du traité de Lisbonne
- assassinat de la première ministre Pakistanaise
33%
Aucun quiz correspondant
Distribution des résultats
% des personnes avec chaque résultat
Percentile par nombre de réponses
Votre historique - résultats
Vous n’avez pas pris ce quiz depuis la dernière actualisation